000 00616nam a2200217Ia 4500
005 20241129110239.0
008 241129s9999||||xx |||||||||||||| ||und||
020 _a978-93-82775-31-7
037 _aTB
040 _aARTS
_beng
_cARTS
041 _aeng
_2urd
084 _aO168,1NSIx R2
_qARTS
100 _aTabassum Naaz Au.
_9727565
245 0 _aKulliyat nasr-o-nazar Dr. Faheem Ahmad Siddiqui
_cTabassum Naaz Au.
260 _aDelhi, India
_bKitab ghar
_c2022
300 _a392+16p.
365 _aINR
_b500
650 _aUrdu Poetry
942 _cTB
_hO168,1NSIx R2
999 _c1227871
_d1227871